Bundesländer rückwärts schreiben - Statistiken

Allgemein
  • Dieses Quiz wurde 164 mal gespielt
  • Das Durchschnittsergebnis liegt bei 11 aus 16
Antwortstatistiken
Bundesland % Korrekt
Bayern
91%
Berlin
86%
Hamburg
86%
Sachsen
84%
Bremen
83%
Hessen
77%
Saarland
76%
Sachsen-Anhalt
71%
Thüringen
70%
Brandenburg
68%
Niedersachsen
67%
Baden-Württemberg
61%
Schleswig-Holstein
59%
Mecklenburg-Vorpommern
56%
Rheinland-Pfalz
55%
Nordrhein-Westfalen
54%
Keine übereinstimmenden Quizze gefunden
Verteilung der Resultate
Anzahl Personen mit jedem Resultat
Perzentil nach korrekt beantworteten Fragen
Ihre Resultats-Entwicklung
Sie haben dieses Quiz noch nicht gespielt